000 00628nam a2200241 i 4500
001 C2-0295641
003 PPAK
005 20180728074103.0
008 090401s2008 my |||| ||||| | eng d
020 _a9789675065569
040 _aPPAK
_beng
_cPPAK
_erda
082 0 4 _a823
_223
090 0 0 _a823
_bJUE
_dG
100 0 _aJuets,
_eauthor
245 1 0 _aMy untold stories
264 1 _aBatu Caves, Selangor :
_bMidnight Press ,
_c2008
300 _aiv, 182 pages ;
_c18 cm
336 _2rdacontent
_atext
337 _2rdamedia
_aunmediated
338 _2rdacarrier
_avolume
650 1 0 _aEnglish fiction
942 _ddc
_cB
999 _c100167
_d100167